| 000 | 00634nam a2200181 i 4500 | ||
|---|---|---|---|
| 001 | 56738 | ||
| 003 | ES-MaACL | ||
| 005 | 20230906163432.0 | ||
| 007 | t| | ||
| 008 | 031013m19411943sp ||||1| spa d | ||
| 100 | 1 |
_aDietrich, Albert. _944620 |
|
| 245 | 1 | 0 |
_aPatología general y anatomía patológica / _ccompendio por el Dr. Albert Dietrich ; versión de la [5ª edición] alemana por L. Damians y [Antonio Juamandreu]. |
| 260 |
_aBarcelona : _bFrancisco Seix, _c1941-1943. |
||
| 300 |
_a2 v. : _bil. ; _c25 cm. |
||
| 700 | 1 |
_aDamians, L. _942571 |
|
| 700 | 1 |
_aJuamandreu, Antonio. _967087 |
|
| 852 |
_aES-MaACL _jE-122-23 _bR.20569 |
||
| 999 |
_c56738 _d56738 |
||